| 000 | 00591nam a22001817a 4500 | ||
|---|---|---|---|
| 999 |
_c190642 _d190642 |
||
| 005 | 20220801172547.0 | ||
| 010 | _aENG-134130 | ||
| 020 |
_a9788123421025 _c160.00 |
||
| 035 | _aEN-117662 | ||
| 037 | _bDBAB/PUB | ||
| 082 | _a181.49 | ||
| 100 | _aKanitha, S. | ||
| 245 |
_aA Comparative Study of William Wordsworth & Subramania Bharati/ _cby S. Kanitha |
||
| 260 |
_aChennai _bNew Century Book House (P) Ltd _c2012 |
||
| 270 |
_a41-B, SIDCO Industrial Estate, Ambattur _bChennai _e600098 _minfo@ncbh.in |
||
| 300 |
_av, 330p. _c21cm(pbk) |
||
| 942 |
_2ddc _cEN _h181.49 _mKAN |
||